[Event "Ruhrgebiet VK1 1213"]
[Site "Nordrheinwestfalen"]
[Date "2012.12.02"]
[Round "4.1"]
[White "Friedrich, Patrick"]
[Black "Achenbach, Manfred"]
[Result "1-0"]
[WhiteElo "1902"]
[BlackElo "2000"]
[PlyCount "67"]
[EventDate "2012.09.02"]
[EventType "team-tourn"]
[EventRounds "9"]
[EventCountry "GER"]
[SourceTitle "EXT 2020"]
[Source "ChessBase"]
[SourceDate "2019.10.17"]
[SourceVersion "1"]
[SourceVersionDate "2019.10.17"]
[SourceQuality "1"]
[WhiteTeam "Weisse Dame Borbeck II"]
[BlackTeam "Muelheim SC"]
[WhiteTeamCountry "GER"]
[BlackTeamCountry "GER"]

1. d4 c5 2. d5 e5 3. e4 d6 4. Nc3 Be7 5. Be2 a6 6. a4 Bg5 7. Nf3 Bxc1 8. Qxc1 Nf6 9. Nd2 Nbd7 10. Nc4 Nf8 11. f4 Ng6 12. f5 Nf4 13. Bf3 g6 14. g3 N4h5 15. Qh6 Ng8 16. Qe3 Ng7 17. g4 gxf5 18. gxf5 Nxf5 19. exf5 Qh4+ 20. Qf2 Qxc4 21. Ne4 Kd7 22. Qg2 Qd4 23. Ra3 Qxb2 24. Rc3 Ne7 25. Qg7 Rd8 26. Qxf7 b6 27. f6 Re8 28. Qe6+ Kd8 29. Qxd6+ Bd7 30. fxe7+ Rxe7 31. Qf6 Qc1+ 32. Ke2 Qf4 33. Qxb6+ Ke8 34. Bh5+ 1-0

[Event "Ruhrgebiet VK1 1112"]
[Site "Nordrheinwestfalen"]
[Date "2012.03.25"]
[Round "8.6"]
[White "Friedrich, Patrick"]
[Black "Mittelbachert, Ulrich"]
[Result "1-0"]
[WhiteElo "1858"]
[BlackElo "1862"]
[PlyCount "53"]
[EventDate "2012.09.18"]
[EventType "team-tourn"]
[EventRounds "9"]
[EventCountry "GER"]
[SourceTitle "EXT 2020"]
[Source "ChessBase"]
[SourceDate "2019.10.17"]
[SourceVersion "1"]
[SourceVersionDate "2019.10.17"]
[SourceQuality "1"]
[WhiteTeam "Weisse Dame Borbeck II"]
[BlackTeam "Castrop Rauxel"]
[WhiteTeamCountry "GER"]
[BlackTeamCountry "GER"]

1. d4 g6 2. Nf3 Bg7 3. e4 d6 4. Be2 Bg4 5. Be3 Nf6 6. Qd3 0-0 7. Nbd2 Na6 8. h3 Bd7 9. Qb3 Qc8 10. Bc4 b5 11. Be2 c5 12. c3 c4 13. Qc2 Nc7 14. g4 h5 15. g5 Nfe8 16. Nh4 e5 17. f4 exf4 18. Bxf4 d5 19. Bf3 Bc6 20. 0-0-0 Ne6 21. Be3 N8c7 22. e5 Be8 23. Rhg1 b4 24. Bxh5 bxc3 25. bxc3 gxh5 26. Nf5 Rb8 27. Ne7+ 1-0